| 000 | 00945nam a22002657a 4500 | ||
|---|---|---|---|
| 999 |
_c64938 _d64938 |
||
| 005 | 20240530110758.0 | ||
| 008 | 190116s2017 ua g b 000 0|ara d | ||
| 017 |
_a2017/8146 _bمصر. دار الكتب |
||
| 020 | _a9789779112541 | ||
| 040 |
_aEG-CaGPL _cEG-CaGPL |
||
| 082 | 0 | 4 |
_221 _a501 / _bخ ف |
| 100 | 0 | _aخالد قطب | |
| 245 | 1 | 0 |
_aفلسفة التقدم العلمى : _bالاسس النظرية / _cخالد قطب |
| 250 | _aط. 1 | ||
| 260 |
_aالقاهرة : _bالهيئة المصرية العامة للكتاب، _c2017. |
||
| 300 |
_a135 ص. ؛ _c24 سم. |
||
| 490 | 0 |
_aسلسلة دنيا العلم ؛ _v13. |
|
| 504 | _aيشتمل على ارجاعات ببليوجرافية | ||
| 650 | 0 | 7 |
_2qrmak _aالعلوم |
| 650 | 0 | 7 |
_2qrmak _aالتاريخ الطبيعى |
| 650 | 0 | 7 |
_2qrmak _aالعلوم _xفلسفة |
| 651 | _2qrmak | ||
| 942 |
_2ddc _cBK |
||